000 00673nam a2200217 a 4500
001 BRCA_800
005 20190320203145.0
008 060508s1986----sp-a---###---#000-0#spa-#
041 _asp
044 _aspa
050 4 _aQ127.S27
_b.L65 1986
100 1 _aLópez Piñero, José Ma.
_92660
245 1 0 _aLa ciencia en la historia hispánica
_cJosé Ma. López Piñero.
260 _aBarcelona
_bSalvat
_c1986
300 _a64 p.
_bil. (algunas a color)
_c19 cm.
440 0 _aColección Salvat Temas clave
_v94
_92661
504 _aBibliografía : p. 64
650 1 4 _aCiencia
_vHistoria
_zEspaña
_92662
650 1 4 _aCiencia
_vHistoria
_zAmérica Latina
_92663
942 _2lcc
_cB
999 _c696
_d696